000 00678nmm a2200253 a 4500
003 AR-Y00000XR
005 20251128211649.0
008 277020s2001 ||||||||||||||000 | spa||
020 _a0-201-36391-7
040 _cAR-Y00000XR
100 1 _aCharles, Randall I.
245 1 0 _aMath
_n4
250 _aMillenium ed.
260 _a[Glenview, IL?]
_bScott Foresman
_c2001
_bAddison Wesley
300 1 _axxvii, 594 p.
_bil.
650 4 _aENSENANZA DE LAS MATEMATICAS
650 4 _aINGLES
650 4 _aEJERCICIOS DE APRENDIZAJE
650 4 _aACTIVIDADES DE LA CLASE
650 4 _aLIBROS DE TEXTO
653 0 _aPROBLEMAS [MATEMATICA]
942 _cBK
998 _cmi-desc
999 _c20621
_d20621